=LDR 00000nam 2200000 4500 =001 000891 =005 20250712120337 =035 ##$$a 0010-0725000769 =007 ta =008 250712################a##########0#ind## =020 ##$$a 978-623-307-552-7 =082 ##$$a 398.280 2 =084 ##$$a 398.280 2 KEN c =100 #$$a Keng, Kong Sok =245 1#$$a Celana Baru di Tahun Baru /$c Kong Sok Keng =250 ##$$a Cetakan Pertama =260 ##$$a Jakarta Timur :$b Badan Pengembangan dan Pembinaan Bahasa,$c 2022 =300 ##$$a 28 hlm : $b ilus. ; $c 21,5 cm =650 #4$$a Literasi-Bahan Bacaan =600 #4$$a Cerita anak Indonesia - Terjemahan =856 ##$$a TBM AS SUHADA =990 ##$$a TBM202400973